000 00882nam a2200217 u 4500
001 000505711
003 AM-YeHGA
005 20250618072703.0
008 061025s1927 ai r 000 0 arm d
040 _aAM-YeHGA
041 0 _aarm
245 0 0 _aԲանջարանոց /
_cԽմբ.՝ Մ. Զառաֆյան, Ա. Արարատյան; Աշխատանքի Ա աստիճանի դպրոցի գրադարան.
260 _aՅերեվան :
_bՊետհրատ,
_c1927.
300 _a30 էջ :
_bնկ. ;
_c15 սմ.
440 0 _aԲնություն յեվ աշխատանք
_v6
440 0 _aԱշխատանքի Ա աստիճանի դպրոցի գրադարան
650 1 4 _aԲանջարաբուծություն
_95743
700 1 _aԶառաֆյան, Մ.
_eխմբ.
_4edt
_95407
700 1 _aԱրարատյան, Ալեքսանդր Գևորգի,
_d1897-1991
_eխմբ.
_4edt
_92230
090 _c188952
999 _c187486
_d187486